| 000 | 00599nam a2200193 4500 | ||
|---|---|---|---|
| 008 | 161118b xxu||||| |||| 00| 0 eng d | ||
| 020 | _a978-1-68250-187-0 | ||
| 082 |
_22016 _aDC 658.20 _bB96 |
||
| 245 | _aBusiness environment. | ||
| 260 |
_aNew York: _bMagnum Publishing LLC, _cc2016. |
||
| 300 |
_axv, 208 pages: _billustrations; _c30 cm. |
||
| 500 | _aIncludes index. | ||
| 650 | 0 |
_917629 _aIndustrial management |
|
| 650 | 0 |
_917630 _aBusiness |
|
| 700 |
_917631 _aDavid, Sergio A. _econtributor |
||
| 700 |
_917632 _aOliveira, Clivaldo _econtributor |
||
| 365 |
_b6,395.00 _cPhp |
||
| 942 |
_2ddc _cDC |
||
| 999 |
_c5772 _d5772 |
||